Etika práce filmového a televízneho režiséra a jeho postavenie v súčasnom mediálnom biznise

Etika – základné pojmy. História etiky. Profesionálna etika. Kompetencie, podriadenosť a nadriadenosť režiséra audiovizuálneho diela. Slovenská televízia RTVS a Etický kódex. Česká televízia a Kódex. Ochrana slobody prejavu. Etika v médiách.

Saved in:
Bibliographic Details
Main Author: Vavrová, Yvone
Format: Book Chapter
Language:Slovak
Subjects:
Tags: Add Tag
No Tags, Be the first to tag this record!

MARC

LEADER 00000nla a2200000 4500
001 0247938
005 20240417075145.9
041 0 |a slo 
044 |a SK 
245 1 0 |a Etika práce filmového a televízneho režiséra a jeho postavenie v súčasnom mediálnom biznise  |c Yvone Vavrová 
520 |a Etika – základné pojmy. História etiky. Profesionálna etika. Kompetencie, podriadenosť a nadriadenosť režiséra audiovizuálneho diela. Slovenská televízia RTVS a Etický kódex. Česká televízia a Kódex. Ochrana slobody prejavu. Etika v médiách. 
610 2 0 |a etika 
610 2 0 |a kódexy etické 
610 2 0 |a Slovensko 
610 2 0 |a Česko 
610 2 0 |a televízia 
610 2 0 |a film 
100 1 |a Vavrová, Yvone